Hodnotenie ekonomických a sociálnych opatrení
Hodnotenie ekonomických a sociálnych opatrení (HESO) za 2. štvrťrok 2001 pre Slovenskú a Českú republiku. Päť opatrení s najvyšším a s najnižším ratingom.
Saved in:
| Main Author: | |
|---|---|
| Format: | Book Chapter |
| Language: | Slovak |
| Subjects: | |
| Tags: |
No Tags, Be the first to tag this record!
|
MARC
| LEADER | 00000naa a2200000 4500 | ||
|---|---|---|---|
| 001 | r042298 | ||
| 005 | 20230801100334.0 | ||
| 041 | 0 | |a slo | |
| 044 | |a SK | ||
| 245 | 1 | 0 | |a Hodnotenie ekonomických a sociálnych opatrení |c Milan Kisztner |
| 520 | |a Hodnotenie ekonomických a sociálnych opatrení (HESO) za 2. štvrťrok 2001 pre Slovenskú a Českú republiku. Päť opatrení s najvyšším a s najnižším ratingom. | ||
| 610 | 2 | 0 | |a rating |
| 610 | 2 | 0 | |a porovnanie medzinárodné |
| 610 | 2 | 0 | |a Česko |
| 610 | 2 | 0 | |a Slovensko |
| 100 | 1 | |a Kisztner, Milan | |